Central Library OPAC University of Rajshahi

Nuclear power and its fuel cycle : (Record no. 66524)

MARC details
000 -LEADER
fixed length control field 01118nam a2200289 a 4500
001 - CONTROL NUMBER
control field 66524
003 - CONTROL NUMBER IDENTIFIER
rucl marc code BD-RjUL
005 - DATE AND TIME OF LATEST TRANSACTION
control field 20211209081542.0
008 - FIXED-LENGTH DATA ELEMENTS--GENERAL INFORMATION
fixed length control field 170316s1977 au a b i101 0 eng d
020 ## - INTERNATIONAL STANDARD BOOK NUMBER
International Standard Book Number 9200504777 (V-8)
035 ## - SYSTEM CONTROL NUMBER
System control number (BD-RjUL)66654
040 ## - CATALOGING SOURCE
Transcribing agency BD-RjUL
Modifying agency BD-RjUL
Language of cataloging eng
Original cataloging agency BD-RjUL
041 0# - LANGUAGE CODE
Language code of text/sound track or separate title eng
082 00 - DEWEY DECIMAL CLASSIFICATION NUMBER
Classification number 621.48
Edition number 23
Author mark and year INN 1977
110 ## - MAIN ENTRY--CORPORATE NAME
Corporate name or jurisdiction name as entry element International Atomic Energy Agency
9 (RLIN) 153559
245 10 - TITLE STATEMENT
Title Nuclear power and its fuel cycle :
Remainder of title proceedings of an International Conference on Nuclear Power and its Fuel Cycle held by the International Atomic Energy Agency in Salzburg, 2-13 May, (1977) /
Statement of responsibility, etc. International Atomic Energy Agency
260 ## - PUBLICATION, DISTRIBUTION, ETC. (IMPRINT)
Place of publication, distribution, etc. Vienna :
Name of publisher, distributor, etc. International Atomic Energy Agency,
Date of publication, distribution, etc. 1977.
300 ## - PHYSICAL DESCRIPTION
Pagination V. p. :
Illustrations ill. ;
Size 24 cm.
490 1# - SERIES STATEMENT
Series statement Proceedings series
504 ## - BIBLIOGRAPHY, ETC. NOTE
Bibliography, etc Includes bibliographical references and index
505 0# - FORMATTED CONTENTS NOTE
Formatted contents note V.1 --- V.3 --- V.7 --- V. 8 --
650 #0 - SUBJECT ADDED ENTRY--TOPICAL TERM
Topical term or geographic name as entry element Nuclear engineering
General subdivision Congresses.
9 (RLIN) 41929
Topical term or geographic name as entry element Nuclear energy
9 (RLIN) 196941
Topical term or geographic name as entry element Nuclear industry
General subdivision Congresses.
9 (RLIN) 41930
830 #0 - SERIES ADDED ENTRY--UNIFORM TITLE
Uniform title Proceedings series
942 ## - ADDED ENTRY ELEMENTS (KOHA)
Source of classification or shelving scheme Dewey Decimal Classification
Koha item type Books
Holdings
Lost status Source of classification or shelving scheme Damaged status Not for loan Collection code Permanent Location Current Location Shelving location Date acquired Source of acquisition Total Checkouts Full call number Date last seen Copy number Koha item type
  Dewey Decimal Classification   Not For Loan Non-fiction Central Library, University of Rajshahi Central Library, University of Rajshahi Reading Room 23/09/1978 R.U. L Photocopy   621.48 INN V-8 1977 16/03/2017 C-1 Books
  Dewey Decimal Classification   Not For Loan Non-fiction Central Library, University of Rajshahi Central Library, University of Rajshahi Reading Room 23/09/1978 R.U. L   621.48 INN V-4 1977 20/03/2017 C-1 Books
  Dewey Decimal Classification   Not For Loan Non-fiction Central Library, University of Rajshahi Central Library, University of Rajshahi Reading Room 21/06/1979 R.U.C.L.   621.48 INN V-7 1977 30/05/2017 C-1 Books
  Dewey Decimal Classification   Not For Loan Non-fiction Central Library, University of Rajshahi Central Library, University of Rajshahi Reading Room 21/06/1979 R.U.C.L.   621.48 INN V-3 1977 30/05/2017 C-1 Books
  Dewey Decimal Classification   Not For Loan Non-fiction Central Library, University of Rajshahi Central Library, University of Rajshahi Reading Room 08/03/1978 int.atomic eng.agency,viena   621.48 INN V-1 1977 30/05/2017 C-1 Books